|
|
|
|
| LEADER |
00000nam0a2200000 4500 |
| 001 |
292058 |
| 005 |
20231102000445.0 |
| 020 |
|
|
|a RU
|b 84-11183
|
| 035 |
|
|
|a (RuTPU)RU\TPU\book\316671
|
| 090 |
|
|
|a 292058
|
| 100 |
|
|
|a 20150420d1984 km a0rusy5003 ca
|
| 101 |
0 |
|
|a rus
|
| 102 |
|
|
|a RU
|
| 105 |
|
|
|a a z 001zy
|
| 200 |
1 |
|
|a Структурные дефекты в монокристаллах полупроводников
|f М. Г. Мильвидский, В. Б. Освенский
|
| 210 |
|
|
|a Москва
|c Металлургия
|d 1984
|
| 215 |
|
|
|a 256 с.
|c ил.
|
| 320 |
|
|
|a Библиогр.: с. 244-254
|
| 606 |
1 |
|
|a Полупроводники
|x Кристаллохимия
|2 stltpush
|3 (RuTPU)RU\TPU\subj\50565
|9 69218
|
| 610 |
1 |
|
|a монокристаллы
|
| 610 |
1 |
|
|a полупроводниковые соединения
|
| 610 |
1 |
|
|a дислокации
|
| 610 |
1 |
|
|a дефекты
|
| 610 |
1 |
|
|a структура
|
| 610 |
1 |
|
|a пластическая деформация
|
| 610 |
1 |
|
|a кристаллы
|
| 610 |
1 |
|
|a рост
|
| 610 |
1 |
|
|a точечные дефекты
|
| 610 |
1 |
|
|a дефектообразование
|
| 610 |
1 |
|
|a термообработка
|
| 675 |
|
|
|a 537.311.322:548
|z rus
|v 3
|
| 700 |
|
1 |
|a Мильвидский
|b М. Г.
|g Михаил Григорьевич
|4 070
|
| 701 |
|
1 |
|a Освенский
|b В. Б.
|g Владимир Борисович
|4 070
|
| 801 |
|
0 |
|a RU
|b RuMRKP
|c 19950704
|g psbo
|
| 801 |
|
1 |
|a RU
|b 63413507
|c 20150420
|
| 801 |
|
2 |
|a RU
|b 63413507
|c 20181116
|g RCR
|
| 942 |
|
|
|c BK
|